Quizzes
Events
Quiz Creation
Community
Videos
Private Events
Remove Ads
Sign In
Join for FREE
Feedback
Dark Mode
Quiz Categories
Sports
Geography
Music
Movies
Television
Just For Fun
Miscellaneous
History
Literature
Language
Science
Gaming
Entertainment
Religion
Holiday
For Kids
Quiz Lab
Recent
Popular Today
Quiz Kudos Today
Editor Picks
Curator Picks
Quizzes by...
Day
Popularity
Type
Ratings
Length
Year
Community
Subscriptions
Recent Discussions
Orange Saloon
Badges
Playlists
Quests
Create
Leaderboards
Showdown
Live 5
Trivia Bingo
Activity
Puzzle Library
Sporcle Events
Private Events
Virtual Trivia
Globe League
Become a Host
Pub Owners
SporcleCon
Opinionation
Our Games
Videos
Blog
Mobile Apps
Partnerships
Remove Ads and Go Orange
Feedback
Just For Fun
Clickable
Get the Picture
Humor
Quick Pick
Word Ladder
Missing Word
Mixed Word
Blitz
Minefield
This or That
Alphabet
Color
Typing
Sporcle
Puzzle
Word Play
Follow That Line
Logic
Just For Fun
Clickable
Get the Picture
Humor
Quick Pick
Word Ladder
Missing Word
Mixed Word
Blitz
Minefield
This or That
Alphabet
Color
Typing
Sporcle
Puzzle
Word Play
Follow That Line
Logic
Random Quiz
Search Sporcle
×
Quiz Lab
Quiz Lab
Just For Fun
WWE
Type in answers that appear in a list
Type in answers that appear in a list
Classic
Best Score? Go Orange.
Shared WWE Themes Stats
Can you name the Themes shared by two or more people?
By
Sawbladekj77
10m
20 Questions
102 Plays
102 Plays
102 Plays
Comments
Comments
Give Quiz Kudos
Give Quiz Kudos
-
- Ratings
hide this ad
More Info
Replay
Link that replays current quiz
Next Quiz
Link to next quiz in quiz playlist
You Got
0%
They Got
Avg Score
26%
Avg Friend Score
Upgrade to see
Score Distribution
Jump to the score distribution portion of the page
Score
0/20
Timer
10:00
0
Plays Today
One superstar
Another Superstar
% Correct
2 Lance Cade and......
Jack Swagger
84.3%
8 CM Punk and....
Randy Orton
62.7%
13 Brodus Clay and.....
Ernest Miller
54.9%
3 Kurt Angle and.....
The Patriot
49%
12 Ricky The Dragon Steamboat and....
Ultimo Dragon
38.2%
9 Otunga & Mcgillicutty and.....
Justin Gabriel
32.4%
1 The Acolytes and.....
Kurrgan
27.5%
5 Jaime Noble and....
John Cena
25.5%
6 Orlando Jordan and....
The Kat
20.6%
16 Matt Morgan and....
Mark Jindrak
18.6%
One superstar
Another Superstar
% Correct
15 Garison Cade and....
Nathan Jones
15.7%
18 Too Much and....
Kama
15.7%
7 Bart Gunn and.....
Shane Mcmahon,Butterbean,Ezekiel Jackson
14.7%
10 The Radicalz and....
Al Snow
13.7%
20 The Major Brothers and....
Derrick Bateman
12.7%
19 Torrie Wilson and....
Tiffany
11.8%
17 Marc Mero and....
Bill Demott, Jacqueline
10.8%
4 The Hardys and.....
William Regal
9.8%
14 Tamina and.....
Scotty Goldman
9.8%
11 Albert and....
The Gymini
7.8%
Quiz Playlist
Details
Report
Send in Message
Add To Playlist
More Info:
This quiz is about characters who used one theme, but someone else ended up using it later. (No team sharing ex. The Corre with different themes)
Classic:
Type in answers that appear in a list
Last Updated: Feb 16, 2017
Quiz Scoreboard
CHALLENGE
Sign Up to Join the Scoreboard
Show All
Scores
Hide
Comments
May contain spoilers
Recently Published
Movies - When Are They Set?
by FPL_Elf
Movies
5m
Popular People in 1961
by mucciniale
History
6m
1-10 Letter E Words III
by El_Dandy
Language
2m
More to Explore
Quiz From the Vault
Featured Blog Post
Where Did the Easter Bunny Come From?
hide this ad
You Might Also Like...
Tags
WWE Quiz
Another
Shared
Superstar
theme
Today's Top Quizzes in Just For Fun
Browse Just For Fun
hide this ad
Today's Top Quizzes in WWE
Browse WWE
Top Contributed Quizzes in Just For Fun
1
Harry Potter Logic - 'In Chains' II
2
Crossword Whiteout! 49
3
Survivor Winners Logic Puzzle
4
1-30 Clickable Mines
5
Harry Potter Logic Puzzle
6
one piece logic puzzle
7
Thermometer Puzzle 25
8
Zeroing In: Just For Fun
9
Word Ladder: Ahoy Matey
10
Aquarium Logic Puzzle 17
Explore More
Trending Topics
Marvel
Harry Potter
Anime
Disney
Crossword
NBA
Kpop
Soccer
WWE
Puzzle
The Office
Country
Pokémon
NFL
Song
hide this ad
More By:
Sawbladekj77
Quiz
Plays
Rating
Category
Featured
Created
Band Names: Real or Fake
51,698
4.34
Music
Apr 11, 2012
Final Destination Deaths
3,355
5.00
Movies
Apr 18, 2012
WWE Word Scramble
2,952
4.14
Sports
Dec 19, 2010
Titanic Facts
2,339
3.75
History
Apr 16, 2012
Guess the Skillet Lyrics
1,806
2.86
Music
Mar 5, 2011
Go to Creator's Profile
Score Distribution
Quiz Creator Spotlight
Sawbladekj77
Follow
Send a Message
Quizzes Created
-
Created Quiz Play Count
-
More By This Creator
Popular Quizzes Today
1
Find the Countries of Europe - No Outlines Minefield
2
Find the US States - No Outlines Minefield
3
The Countries of the World
4
Popular People in 1961
5
US States
6
1-10 Letter E Words III
7
Find the US States
8
One Thing in Common: World Cities II
More Just For Fun Quizzes
Missing Word: Two Word Car Models II
Published
Trending Quizzes
Risky Map Clicking: Least Populous States A-Z
1-10 Letter F Words
1-10 Letter G Words
One Thing in Common: United Kingdom
Risky Map Clicking: Next State Alphabetically
Recently Updated
Leaping Animals
pecheneg
Reality TV Shows (A-Z)
bhenderson79
Rickey Henderson's Hall of Fame Teammates
pecheneg
Champions League XIs: Arsenal
pecheneg
Quick Pick: Celebrities in WWE's Hall of Fame
aduchscher
A-Z Keypad Blitz II
pecheneg
Multiple Oscar Actors
pecheneg
Mystery Phrase Blitz: Oscar 'Best Actors'
pecheneg
F. Scott Fitzgerald Novels
LTH
Pick 3 Villains
ddd62291
Trending Topics
Anime
Harry Potter
NBA
Marvel
Disney
Kpop
Crossword
Song
Puzzle
Country
WWE
The Office
Soccer
Pokémon
NFL
Your Account Isn't Verified!
In order to create a playlist on Sporcle, you need to verify the email address you used during registration. Go to your
Sporcle Settings
to finish the process.
Report this User
Report this user for behavior that violates our
Community Guidelines
.
Details:
Send Report
Go to the Sporcle.com Mobile Site →
Comments